Statistiques concernant Top 50 de l'Année 1983

Cliquez ici pour prendre le quiz!

Statistiques générales

  • Ce quiz a été pris 20 fois
  • Le résultat moyen est 16 sur 50

Statistiques - réponses

ArtistesChansons% Correct
6ROSE LAURENSAfrica
88%
13TOTOAfrica
88%
35INDOCHINEL'aventurier
88%
1MICHAEL JACKSONBillie jean
82%
21MICHAEL JACKSONBeat it
59%
2SURVIVOREye of the tiger
59%
17JAKIE QUARTZMise au point
59%
20BANDOLEROParis latino
53%
11EURYTHMICSSweet dreams
53%
7DAVID BOWIELet's dance
47%
14LES FORBANSChante
41%
12THE POLICEEvery breath you take
41%
40MIKE OLDFIELDMoonlight shadow
41%
5KAJAGOOGOOToo shy
41%
27CAPTAIN SENSIBLEWot
41%
46DEXYS MIDNIGHT RUNNERSCome on Eileen
35%
31RYAN PARISDolce vita
35%
4CULTURE CLUBDo you really want to hurt me
35%
44MICHAEL SEMBELLOManiac
35%
25MARVIN GAYESexual healing
35%
42JULIEN CLERCCoeur de rocker
29%
9JEAN-JACQUES GOLDMANComme toi
29%
50U2New year's day
29%
34PAUL McCARTNEY & MICHAEL JACKSONSay, say, say
29%
23RIGHEIRAVamos a la playa
29%
16COOK DA BOOKSYour eyes
29%
15ROD STEWARTBaby Jane
24%
38DAVID BOWIEChina girl
24%
30BERNARD LAVILLIERSIdées noires
24%
26GAZEBOI like Chopin
24%
29GENESISMama
24%
37SPANDAU BALLETTrue
24%
32CHRISTOPHER CROSSAll right
18%
10GREG KIHN BANDJeopardy
18%
3INDEEPLast night a D.J. saved my life
18%
33TOTO CUTUGNOL'italiano
18%
22MUSICAL YOUTHPass the dutchie
18%
36THE BELLE STARSSign of the times
18%
41CHRISTOPHESuccès fou
18%
28JEAN-JACQUES GOLDMANAu bout de mes rêves
12%
47CROCODILE HARRISGive me the good news
12%
49TIME BANDITSI'm specialized in you
12%
18CHEMISEShe can't love you
12%
45DONNA SUMMERShe works hard for the money
12%
19PHIL COLLINSYou can't hurry love
12%
24BONNIE TYLEReclipse of the heart
6%
43EARTH, WIND & FIREFall in love with me
6%
8IRENE CARAFlashdance ... what a feeling
6%
48DIONNE WARWICKHeartbreaker
6%
39TOTO COELOMilk from the coconut
0%

Distribution des résultats

Percentile par nombre de réponses

% des personnes avec chaque résultat

Votre développement - résultats

Vous n’avez pas pris ce quiz